000 00988nam a2200253Ia 4500
003 OSt
005 20220923212631.0
006 a|||||r|||| 00| 0
007 ta
008 220922b |||||||| |||| 00| 0 hin d
024 _a154,739
037 _cTextual
040 _aARTS
_cARTS
_bhin
041 _2hin
_ahin
082 _aY:351.252, L2
100 _aचौहान, विद्या
_9156318
245 0 _aलोकगीतों की सांस्कृतिक पृष्ठभूमि
_b भोजपुरी और अवधी के सन्दर्भ में
246 _aLokagītoan kī sāanskṛutik pṛuṣhṭhabhūmi: bhojapurī aur avadhī ke sandarbha mean
260 _aआगरा
_b प्रगति प्रकाशन
_c1972
300 _a376
_ccm.
650 _aतेलुगु साहित्य
_9156264
942 _hY:351.252, L2
_cTEXL
_2CC
999 _c310361
_d310361